| 000 | 00572nam a2200205 a 4500 | ||
|---|---|---|---|
| 005 | 20140310183454.0 | ||
| 008 | 090806s19uu xx 00 eng d | ||
| 020 | _a0071244522 | ||
| 050 |
_aHF 5387 _b.H67 2008 |
||
| 100 | _aHosmer, LaRue Tone | ||
| 245 |
_aThe ethics of management. / _cLaRue Tone Hosmer |
||
| 250 | _a6th ed. | ||
| 260 |
_aBoston : _bMcGraw-Hill, _c2008. |
||
| 300 |
_a178 p. : _c23 cm. |
||
| 521 | _aBSBA | ||
| 650 | _aBusiness ethics. | ||
| 650 |
_aIndustrial management _xMoral and ethical values. |
||
| 942 |
_cBK _2lcc _kFOR |
||
| 999 |
_c23528 _d23528 |
||